| 000 | 00772nam a22001817a 4500 | ||
|---|---|---|---|
| 008 | 111120s1991 ua|||||r|||| 000 0cara d | ||
| 020 | _a9775070007 | ||
| 082 |
_222 _a291..64 _bش ل ب |
||
| 100 |
_927788 _aشلبي ، عبد الجليل |
||
| 245 |
_aعظماء قادة الأديان / _cعبد الجليل شلبي |
||
| 260 |
_aالقاهرة : _bمؤسسة الخليج العربي، 1991 _c1991 |
||
| 300 |
_a419 ص ؛ _c24 سم |
||
| 650 |
_927799 _aالمصلحون (ديانات مقارنة) |
||
| 650 |
_927800 _aالدعاة (ديانات مقارنة) |
||
| 653 |
_bAra _cNovember2011 |
||
| 942 |
_2ddc _cBB |
||
| 999 |
_c16233 _d16233 |
||